[Event "Monarch Assurance Isle of Man 14th"]
[Site "Port Erin IOM"]
[Date "2005.09.25"]
[Round "2.10"]
[White "Palliser, Richard"]
[Black "Malakhatko, Vadim"]
[Result "1-0"]
[WhiteElo "2389"]
[BlackElo "2556"]
[PlyCount "80"]
[EventDate "2005.09.24"]
[EventType "swiss"]
[EventRounds "9"]
[EventCountry "IOM"]

1. d4 d5 2. c4 c6 3. Nf3 Nf6 4. Nc3 e6 5. e3 a6 6. b3 Bb4 7. Bd2 Nbd7 8. Bd3
O-O 9. O-O Bd6 10. e4 dxc4 11. bxc4 e5 12. c5 Bc7 13. Na4 exd4 14. h3 Re8 15.
Re1 h6 16. Rb1 Nf8 17. Qc1 Rb8 18. Rb4 Ne6 19. Rc4 Ba5 20. Bxa5 Qxa5 21. Nxd4
Nxd4 22. Rxd4 Qc7 23. Rd6 Be6 24. Nb6 Red8 25. e5 Ne8 26. Qf4 Qe7 27. Re3 Nxd6
28. cxd6 Qg5 29. Qe4 g6 30. Rg3 Bf5 31. Qf3 Qc1+ 32. Kh2 Bxd3 33. e6 Qc5 34.
Qxf7+ Kh8 35. Qf6+ Kh7 36. Rxd3 Qxb6 37. Qf7+ Kh8 38. Qxg6 Qxf2 39. Qxh6+ Kg8
40. e7 Rd7 1-0

[Event "Monarch Assurance Isle of Man 14th"]
[Site "Port Erin IOM"]
[Date "2005.09.25"]
[Round "2.11"]
[White "Brodsky, Michail"]
[Black "Roeder, Mathias"]
[Result "1-0"]
[WhiteElo "2554"]
[BlackElo "2393"]
[PlyCount "59"]
[EventDate "2005.09.24"]
[EventType "swiss"]
[EventRounds "9"]
[EventCountry "IOM"]

1. Nf3 Nf6 2. c4 b6 3. Nc3 Bb7 4. d4 e6 5. a3 d5 6. cxd5 Nxd5 7. Qc2 Nxc3 8.
Qxc3 h6 9. e3 Be7 10. Bb5+ c6 11. Ba4 O-O 12. O-O Nd7 13. Rd1 Qc7 14. b4 a5 15.
Bd2 Nf6 16. Qc2 axb4 17. axb4 Nd5 18. Qb2 c5 19. Rdc1 Rfb8 20. Ne5 Nf6 21. f3
Bd6 22. e4 b5 23. Bxb5 Rxa1 24. Qxa1 Bxe4 25. bxc5 Bxe5 26. dxe5 Rxb5 27. exf6
Bd5 28. Qd4 Qb7 29. Qg4 g5 30. Qh5 1-0

[Event "Monarch Assurance Isle of Man 14th"]
[Site "Port Erin IOM"]
[Date "2005.09.25"]
[Round "2.12"]
[White "Klenburg, Mikhail"]
[Black "Kritz, Leonid"]
[Result "1/2-1/2"]
[WhiteElo "2400"]
[BlackElo "2544"]
[PlyCount "72"]
[EventDate "2005.09.24"]
[EventType "swiss"]
[EventRounds "9"]
[EventCountry "IOM"]

1. e4 e5 2. Nf3 Nc6 3. Bb5 a6 4. Ba4 Nf6 5. d3 d6 6. c3 g6 7. O-O Bg7 8. Re1
O-O 9. Bg5 h6 10. Bh4 Bd7 11. Nbd2 Qe8 12. Nf1 Nh5 13. Ne3 Nf4 14. Bg3 Ne6 15.
Nd5 Kh8 16. Qd2 f5 17. exf5 gxf5 18. d4 e4 19. Nh4 Qh5 20. Bd1 Qf7 21. Bf4 Kh7
22. g3 Rac8 23. Be3 Ne7 24. Nf4 Nxf4 25. Bxf4 Be6 26. f3 d5 27. Be2 Ng6 28.
Nxg6 Qxg6 29. Qd1 Bf7 30. Qb3 Qc6 31. a4 Bh5 32. a5 Rce8 33. fxe4 Bxe2 34. Rxe2
fxe4 35. Rf1 Rf7 36. Ref2 Ref8 1/2-1/2

[Event "Monarch Assurance Isle of Man 14th"]
[Site "Port Erin IOM"]
[Date "2005.09.25"]
[Round "2.13"]
[White "Hanley, Craig A"]
[Black "Kuzubov, Yuriy"]
[Result "0-1"]
[WhiteElo "2367"]
[BlackElo "2535"]
[PlyCount "70"]
[EventDate "2005.09.24"]
[EventType "swiss"]
[EventRounds "9"]
[EventCountry "IOM"]

1. e4 c5 2. Nf3 d6 3. d4 cxd4 4. Nxd4 Nf6 5. Nc3 a6 6. Bg5 e6 7. f4 Nbd7 8. Qf3
Qc7 9. O-O-O b5 10. Bd3 Bb7 11. Rhe1 Be7 12. Nd5 exd5 13. exd5 Kd8 14. Nc6+
Bxc6 15. dxc6 Nb6 16. Bf5 Re8 17. Re3 Ra7 18. Red3 Bf8 19. Bh4 Qb8 20. Bxh7 Kc7
21. Bf5 b4 22. Bf2 g6 23. Rd4 a5 24. Bd3 d5 25. f5 g5 26. Qg3+ Kxc6 27. Qxg5
Nbd7 28. Rh4 Bc5 29. Bxc5 Kxc5 30. g4 d4 31. Qh6 Qe5 32. g5 Qe3+ 33. Kb1 Qd2
34. Rc1 Re1 35. gxf6 Rxc1# 0-1

[Event "Monarch Assurance Isle of Man 14th"]
[Site "Port Erin IOM"]
[Date "2005.09.25"]
[Round "2.14"]
[White "Ulibin, Mikhail"]
[Black "Sareen, Vishal"]
[Result "1-0"]
[WhiteElo "2529"]
[BlackElo "2385"]
[PlyCount "53"]
[EventDate "2005.09.24"]
[EventType "swiss"]
[EventRounds "9"]
[EventCountry "IOM"]

1. c4 e5 2. Nc3 Nf6 3. g3 d5 4. cxd5 Nxd5 5. Bg2 Nb6 6. Nf3 Nc6 7. O-O Be6 8.
d4 exd4 9. Nb5 Be7 10. Bf4 Nd5 11. Nfxd4 Nxd4 12. Qxd4 a6 13. Bxd5 axb5 14.
Rad1 Bxd5 15. Qxg7 Bf6 16. Qh6 Bxb2 17. Qh5 c6 18. e4 Qf6 19. exd5 O-O 20. dxc6
bxc6 21. Rd6 Qc3 22. Rfd1 Rfe8 23. Bh6 Re1+ 24. Kg2 Rae8 25. Rd7 Qf6 26. Qg4+
Qg6 27. Rxe1 1-0

[Event "Monarch Assurance Isle of Man 14th"]
[Site "Port Erin IOM"]
[Date "2005.09.25"]
[Round "2.15"]
[White "Hughes, Howard R"]
[Black "Wells, Peter"]
[Result "0-1"]
[WhiteElo "2194"]
[BlackElo "2529"]
[PlyCount "46"]
[EventDate "2005.09.24"]
[EventType "swiss"]
[EventRounds "9"]
[EventCountry "IOM"]

1. e4 c5 2. d4 cxd4 3. c3 dxc3 4. Nxc3 Nc6 5. Nf3 d6 6. Bc4 a6 7. O-O Nf6 8. b4
Bg4 9. b5 Bxf3 10. gxf3 axb5 11. Bxb5 g6 12. Nd5 Bg7 13. Bb2 O-O 14. Nxf6+ Bxf6
15. Bxf6 exf6 16. Qd5 Ne5 17. f4 Nf3+ 18. Kh1 Qc8 19. f5 Qc5 20. Bc4 Ra5 21.
Rac1 Qb4 22. Rb1 Qd2 23. Qd3 Qf4 0-1

[Event "Monarch Assurance Isle of Man 14th"]
[Site "Port Erin IOM"]
[Date "2005.09.25"]
[Round "2.16"]
[White "Bobras, Piotr"]
[Black "Goletiani, Rusudan"]
[Result "1/2-1/2"]
[WhiteElo "2525"]
[BlackElo "2332"]
[PlyCount "27"]
[EventDate "2005.09.24"]
[EventType "swiss"]
[EventRounds "9"]
[EventCountry "IOM"]

1. e4 c5 2. Nf3 e6 3. d4 cxd4 4. Nxd4 a6 5. Nc3 Qc7 6. Bd3 Bd6 7. Qg4 h5 8. Qh3
Nf6 9. Bg5 Ng4 10. Be2 Qc5 11. f4 Qxd4 12. Bxg4 Bb4 13. e5 f6 14. Bxh5+ 1/2-1/2

[Event "Monarch Assurance Isle of Man 14th"]
[Site "Port Erin IOM"]
[Date "2005.09.25"]
[Round "2.17"]
[White "Gladyszev, Oleg"]
[Black "Sundararajan, Kidambi"]
[Result "0-1"]
[WhiteElo "2436"]
[BlackElo "2484"]
[PlyCount "66"]
[EventDate "2005.09.24"]
[EventType "swiss"]
[EventRounds "9"]
[EventCountry "IOM"]

1. d4 d5 2. c4 c6 3. Nf3 Nf6 4. Nc3 dxc4 5. a4 Bf5 6. e3 e6 7. Bxc4 Bb4 8. O-O
O-O 9. Qe2 Bg6 10. Ne5 Nbd7 11. Nxg6 hxg6 12. Rd1 Qa5 13. Na2 Qxa4 14. e4 Qa5
15. e5 Nd5 16. h4 Rfe8 17. Rd3 c5 18. h5 cxd4 19. hxg6 fxg6 20. Rg3 Nf8 21. Bg5
Be7 22. Bd2 Bb4 23. Ra3 Qb6 24. Rb3 a5 25. Bxd5 exd5 26. Nxb4 axb4 27. Rxa8
Rxa8 28. Rxb4 Ra1+ 29. Kh2 Qe6 30. Rxd4 Nd7 31. Bf4 Nf6 32. f3 Nh5 33. Bg3 Rh1+
0-1

[Event "Monarch Assurance Isle of Man 14th"]
[Site "Port Erin IOM"]
[Date "2005.09.25"]
[Round "2.18"]
[White "Areshchenko, Alexander"]
[Black "Zimmerman, Yuri"]
[Result "1/2-1/2"]
[WhiteElo "2625"]
[BlackElo "2375"]
[PlyCount "104"]
[EventDate "2005.09.24"]
[EventType "swiss"]
[EventRounds "9"]
[EventCountry "IOM"]

1. e4 d6 2. d4 Nf6 3. Nc3 g6 4. Be3 c6 5. h3 Nbd7 6. f4 Qa5 7. Qd2 b5 8. Bd3 b4
9. Nd1 c5 10. Nf2 Bb7 11. Nf3 Bg7 12. O-O Qc7 13. c3 bxc3 14. Qxc3 O-O 15. Rfc1
Qb8 16. b4 Rc8 17. bxc5 dxc5 18. Rab1 cxd4 19. Qxc8+ Qxc8 20. Rxc8+ Bxc8 21.
Nxd4 e5 22. Nc6 exf4 23. Bxf4 Nc5 24. Bc4 Be6 25. Bxe6 fxe6 26. Rb4 Bf8 27. Rc4
Rc8 28. Nd4 Nfd7 29. Nf3 Nb6 30. Rc2 Ncd7 31. Rd2 Bb4 32. Re2 Rc4 33. Ng4 Be7
34. Bg5 Bxg5 35. Nxg5 h5 36. Ne3 Rc1+ 37. Kh2 Rc6 38. Rf2 Nf8 39. Rf7 Nbd7 40.
Re7 Rc3 41. Nd1 Rd3 42. Nf2 Rd2 43. Kg1 Rxa2 44. Nd3 a5 45. Nf4 a4 46. Nfxe6
Nxe6 47. Rxe6 Kg7 48. e5 Rd2 49. Re7+ Kf8 50. Rf7+ Ke8 51. e6 Nc5 52. Ra7 Rd5
1/2-1/2

[Event "Monarch Assurance Isle of Man 14th"]
[Site "Port Erin IOM"]
[Date "2005.09.25"]
[Round "2.19"]
[White "Ghaem Maghami, Ehsan"]
[Black "Zozulia, Anna"]
[Result "1-0"]
[WhiteElo "2603"]
[BlackElo "2314"]
[PlyCount "89"]
[EventDate "2005.09.24"]
[EventType "swiss"]
[EventRounds "9"]
[EventCountry "IOM"]

1. c4 Nf6 2. Nc3 g6 3. g3 Bg7 4. Bg2 O-O 5. d4 d6 6. e3 c6 7. Nge2 a5 8. O-O e5
9. h3 h5 10. e4 Nbd7 11. Be3 exd4 12. Bxd4 Re8 13. Qc2 Qe7 14. Rad1 Nc5 15.
Rfe1 Be6 16. b3 Rad8 17. Nf4 Nfd7 18. Bxg7 Kxg7 19. Qd2 Ne5 20. Nxe6+ fxe6 21.
f4 Nf7 22. Ne2 Qc7 23. f5 e5 24. fxg6 Kxg6 25. h4 Re6 26. Rf1 Rf6 27. Qe3 Rh8
28. Bh3 Qe7 29. Rxf6+ Kxf6 30. Rf1+ Kg7 31. Kg2 Rh6 32. Ng1 Rf6 33. Bf5 Kf8 34.
Qf3 Rh6 35. Nh3 Ke8 36. a3 a4 37. bxa4 Kd8 38. a5 Kc7 39. Qe3 Rf6 40. Nf2 Qf8
41. Nd3 Nxd3 42. Qxd3 Qh6 43. Rb1 Nd8 44. a6 Kb8 45. c5 1-0

[Event "Monarch Assurance Isle of Man 14th"]
[Site "Port Erin IOM"]
[Date "2005.09.25"]
[Round "2.20"]
[White "Ashton, Adam"]
[Black "Kogan, Artur"]
[Result "1/2-1/2"]
[WhiteElo "2294"]
[BlackElo "2580"]
[PlyCount "103"]
[EventDate "2005.09.24"]
[EventType "swiss"]
[EventRounds "9"]
[EventCountry "IOM"]

1. e4 c5 2. Nf3 Nc6 3. d4 cxd4 4. Nxd4 e6 5. Nc3 Qc7 6. Be3 a6 7. Bd3 b5 8.
Nxc6 dxc6 9. a4 Rb8 10. O-O Nf6 11. f4 h5 12. h3 b4 13. Nb1 c5 14. Nd2 Bb7 15.
b3 h4 16. Qf3 Nh5 17. Rf2 g6 18. Re1 Bg7 19. Qg4 Nf6 20. Qe2 O-O 21. Rff1 c4
22. bxc4 Qa5 23. Qf2 Qxa4 24. Qxh4 Qc6 25. Bd4 Nd7 26. Bxg7 Kxg7 27. Qg3 Rfe8
28. f5 e5 29. Rf3 Nf6 30. Ref1 Nh5 31. f6+ Kg8 32. Qg5 Re6 33. Kh2 Rd8 34. Nb3
Qe8 {(=)} 35. Nc5 Rb6 36. Nxb7 Rxb7 37. c5 Rc7 38. Bc4 Kh7 39. g4 Nf4 40. Qh4+
Kg8 41. Rxf4 exf4 42. Qh6 Rd2+ 43. Kg1 Qf8 44. Qxg6+ Kh8 45. Qh5+ Kg8 46. Qg5+
Kh7 47. Qf5+ Kg8 48. Qg5+ Kh8 49. Qh5+ Kg8 50. Qg5+ Kh8 51. Qh5+ Kg8 52. Qg6+
1/2-1/2

[Event "Monarch Assurance Isle of Man 14th"]
[Site "Port Erin IOM"]
[Date "2005.09.25"]
[Round "2.21"]
[White "David, Alberto"]
[Black "Peric, Slavisa"]
[Result "1-0"]
[WhiteElo "2579"]
[BlackElo "2280"]
[Annotator "corrected score"]
[PlyCount "73"]
[EventDate "2005.09.24"]
[EventType "swiss"]
[EventRounds "9"]
[EventCountry "IOM"]

1. d4 d5 2. c4 c6 3. Nf3 Nf6 4. e3 a6 5. Qc2 e6 6. Nbd2 Nbd7 7. b3 c5 8. Bd3 b6
9. O-O Bd6 10. e4 dxe4 11. Nxe4 Be7 12. d5 exd5 13. cxd5 Nxd5 14. Bc4 Nb4 15.
Nd6+ Bxd6 16. Qe4+ Be7 17. Qxa8 O-O 18. a3 Bf6 19. Rb1 b5 20. Bxf7+ Rxf7 21.
axb4 Nb6 22. Qb8 Rb7 {(=)} 23. Qg3 Bf5 24. Rb2 Bxb2 25. Bxb2 cxb4 26. Nd4 Bc8
27. Rd1 Rf7 28. h4 h6 29. Rd3 Qc7 30. Qg6 Nd5 31. Rg3 Nf4 32. Qe4 Bb7 33. Qe8+
Kh7 34. Ne6 Nxe6 35. Qxe6 Qe7 36. Qg6+ Kh8 37. Bd4 {time [corrected score]} 1-0

[Event "Monarch Assurance Isle of Man 14th"]
[Site "Port Erin IOM"]
[Date "2005.09.25"]
[Round "2.22"]
[White "Mannion, Stephen"]
[Black "Mikhalevski, Victor"]
[Result "0-1"]
[WhiteElo "2331"]
[BlackElo "2572"]
[PlyCount "52"]
[EventDate "2005.09.24"]
[EventType "swiss"]
[EventRounds "9"]
[EventCountry "IOM"]

1. e4 e5 2. Nf3 Nc6 3. Bc4 Bc5 4. c3 Nf6 5. d4 exd4 6. e5 d5 7. Bb5 Ne4 8. cxd4
Bb6 9. Nc3 O-O 10. Be3 Bg4 11. Bxc6 bxc6 12. Qa4 Bd7 13. Qa3 Bg4 14. Qa4 Bd7
15. Qa3 f5 16. exf6 Nxf6 17. O-O-O Bg4 18. Qa6 Qd6 19. a4 Rab8 20. Rd2 Bc8 21.
Qd3 Ba5 22. Rc2 Ng4 23. Re2 Bf5 24. Qd2 Rb3 25. Bf4 Qb4 26. Rhe1 Qc4 0-1

[Event "Monarch Assurance Isle of Man 14th"]
[Site "Port Erin IOM"]
[Date "2005.09.25"]
[Round "2.23"]
[White "Fridman, Daniel"]
[Black "Duhayon, Yves"]
[Result "1/2-1/2"]
[WhiteElo "2566"]
[BlackElo "2230"]
[PlyCount "48"]
[EventDate "2005.09.24"]
[EventType "swiss"]
[EventRounds "9"]
[EventCountry "IOM"]

1. c4 e6 2. e4 c5 3. Nf3 Nc6 4. Nc3 e5 5. d3 d6 6. a3 g6 7. Nd5 Bg7 8. b4 Nge7
9. Bg5 h6 10. Bf6 Kf8 11. bxc5 Bxf6 12. Nxf6 dxc5 13. h3 Nd4 14. Nd2 Qb6 15.
Nd5 Nxd5 16. cxd5 Qb2 17. Rc1 Qxa3 18. Nc4 Qb4+ 19. Qd2 Qxd2+ 20. Nxd2 b6 21.
Nc4 f6 22. Be2 Ba6 23. Bd1 Bxc4 24. dxc4 Ke7 1/2-1/2

[Event "Monarch Assurance Isle of Man 14th"]
[Site "Port Erin IOM"]
[Date "2005.09.25"]
[Round "2.24"]
[White "Yakovich, Yuri"]
[Black "Dunn, Andrew"]
[Result "1-0"]
[WhiteElo "2560"]
[BlackElo "2197"]
[PlyCount "71"]
[EventDate "2005.09.24"]
[EventType "swiss"]
[EventRounds "9"]
[EventCountry "IOM"]

1. d4 d5 2. c4 c6 3. Nc3 Nf6 4. e3 a6 5. Bd3 g6 6. Nf3 Bg4 7. O-O Bg7 8. Qb3
Ra7 9. Ne5 Be6 10. cxd5 Nxd5 11. Qa3 Nxc3 12. Qxc3 Nd7 13. Nxd7 Qxd7 14. Qc5
Ra8 15. Bd2 O-O 16. Bb4 Rfe8 17. Rfd1 f5 18. Ba5 Bf7 19. Qc2 Qd5 20. Bb6 e5 21.
dxe5 Qxe5 22. Bc4 Bxc4 23. Qxc4+ Qe6 24. Qxe6+ Rxe6 25. Rd7 Bxb2 26. Rb1 Be5
27. Rxb7 Rb8 28. Rxb8+ Bxb8 29. Kf1 Bd6 30. Bd4 c5 31. Bc3 Kf7 32. Rb7+ Be7 33.
a4 Rc6 34. Ke2 c4 35. Bb4 Re6 36. Kd2 1-0

[Event "Monarch Assurance Isle of Man 14th"]
[Site "Port Erin IOM"]
[Date "2005.09.25"]
[Round "2.25"]
[White "Sulskis, Sarunas"]
[Black "Adams, Phil"]
[Result "1-0"]
[WhiteElo "2535"]
[BlackElo "2138"]
[PlyCount "49"]
[EventDate "2005.09.24"]
[EventType "swiss"]
[EventRounds "9"]
[EventCountry "IOM"]

1. e4 e5 2. Nf3 Nc6 3. d4 exd4 4. Nxd4 Bb4+ 5. c3 Bc5 6. Be3 Bb6 7. Bc4 d6 8.
O-O Nf6 9. Nxc6 bxc6 10. e5 Ng4 11. Bxb6 axb6 12. e6 Qh4 13. exf7+ Kf8 14. h3
Ne5 15. Be2 g5 16. Nd2 g4 17. hxg4 Bxg4 18. f4 Bxe2 19. Qxe2 Ng4 20. Nf3 Qe7
21. Ne5 Nf6 22. Rae1 dxe5 23. fxe5 Nd7 24. e6 Nc5 25. Qe5 1-0

[Event "Monarch Assurance Isle of Man 14th"]
[Site "Port Erin IOM"]
[Date "2005.09.25"]
[Round "2.26"]
[White "Mirzoeva, Elmira"]
[Black "Adly, Ahmed"]
[Result "1/2-1/2"]
[WhiteElo "2223"]
[BlackElo "2503"]
[PlyCount "99"]
[EventDate "2005.09.24"]
[EventType "swiss"]
[EventRounds "9"]
[EventCountry "IOM"]

1. e4 c5 2. Nf3 d6 3. d4 cxd4 4. Qxd4 Bd7 5. Bg5 Nc6 6. Qd2 h6 7. Bh4 Nf6 8.
Nc3 g5 9. Bg3 Nh5 10. Be2 Bg7 11. Nd5 Rc8 12. c3 Qa5 13. a4 Be6 14. b4 Qd8 15.
Rc1 a5 16. b5 Nxg3 17. hxg3 Ne5 18. Nd4 Bxd5 19. exd5 Nc4 20. Bxc4 Rxc4 21. Nf5
Bf6 22. Ne3 Rc8 23. g4 Qb6 24. c4 Qc5 25. O-O h5 26. Qe2 hxg4 27. Nxg4 Kf8 28.
g3 Qb4 29. Qc2 Bb2 30. Qf5 Rxc4 31. Rxc4 Qxc4 32. Ne3 Qe2 33. Qxg5 Qf3 34. Ng2
Rh5 35. Qd2 Bc3 36. Qe3 Qf6 37. Nf4 Rg5 38. Rc1 Bd4 39. Qf3 Qf5 40. Kg2 Bc5 41.
Rc4 Ke8 42. Qc3 b6 43. Qh8+ Kd7 44. Qa8 Rg4 {(=)} 45. Kf3 e5 46. dxe6+ fxe6 47.
Qb7+ Kd8 48. Qb8+ Kd7 49. Qb7+ Kd8 50. Qb8+ 1/2-1/2

[Event "Monarch Assurance Isle of Man 14th"]
[Site "Port Erin IOM"]
[Date "2005.09.25"]
[Round "2.27"]
[White "Lalic, Bogdan"]
[Black "Fraser-Mitchell, Jeremy"]
[Result "1-0"]
[WhiteElo "2491"]
[BlackElo "2098"]
[PlyCount "87"]
[EventDate "2005.09.24"]
[EventType "swiss"]
[EventRounds "9"]
[EventCountry "IOM"]

1. c4 f5 2. Nf3 Nf6 3. d4 g6 4. g3 Bg7 5. b4 O-O 6. Bb2 d6 7. Bg2 c6 8. O-O Na6
9. a3 Qe8 10. Nbd2 Bd7 11. Qc2 h6 12. e4 fxe4 13. Nxe4 Nxe4 14. Qxe4 Qf7 15.
Nd2 Rae8 16. f4 Nc7 17. Qe2 Bf6 18. Ne4 Bg7 19. Rfe1 b6 20. Rac1 Ne6 21. Qd2
Rd8 22. d5 Nc7 23. Bxg7 Qxg7 24. dxc6 Bxc6 25. Nf6+ Qxf6 26. Bxc6 Kh7 27. Qe3
Rf7 28. Bg2 e5 29. fxe5 Qxe5 30. Qd2 Qf6 31. Rf1 Qe7 32. Rxf7+ Qxf7 33. c5 bxc5
34. bxc5 d5 35. Rf1 Qe7 36. Qf2 Kg7 37. Qd4+ Kh7 38. c6 Nb5 39. Qf2 d4 40. Qf7+
Qxf7 41. Rxf7+ Kg8 42. Rd7 Rc8 43. a4 Nc3 44. c7 1-0

[Event "Monarch Assurance Isle of Man 14th"]
[Site "Port Erin IOM"]
[Date "2005.09.25"]
[Round "2.28"]
[White "Neelotpal, Das"]
[Black "Fairbairn, Stephen"]
[Result "1/2-1/2"]
[WhiteElo "2467"]
[BlackElo "2065"]
[PlyCount "81"]
[EventDate "2005.09.24"]
[EventType "swiss"]
[EventRounds "9"]
[EventCountry "IOM"]

1. e4 g6 2. Nc3 Bg7 3. d4 d6 4. Be3 a6 5. a4 Nc6 6. Nge2 Nf6 7. h3 e5 8. g3 O-O
9. Bg2 exd4 10. Nxd4 Nxd4 11. Bxd4 Be6 12. O-O Qd7 13. Kh2 Rad8 14. Nd5 Bxd5
15. exd5 Rde8 16. Ra3 Nh5 17. c4 a5 18. c5 Bxd4 19. Qxd4 dxc5 20. Qxc5 b6 21.
Qc2 Nf6 22. Rd1 Re7 23. Rc3 Rd8 24. Rc6 Ne8 25. Rc1 Rb8 26. Qd2 Qf5 27. b3 Qe5
28. R1c3 Qe2 29. Qf4 Rd8 30. Re3 Rxe3 31. Qxe3 Qxe3 32. fxe3 Kf8 33. g4 f6 34.
Kg3 Rd6 35. Rc3 Rd7 36. h4 h6 37. e4 g5 38. Rc1 Nd6 39. Rh1 Kg7 40. Rc1 Re7 41.
Rc3 1/2-1/2

[Event "Monarch Assurance Isle of Man 14th"]
[Site "Port Erin IOM"]
[Date "2005.09.25"]
[Round "2.29"]
[White "Lohou, Stephane"]
[Black "Kononenko, Tatiana"]
[Result "1/2-1/2"]
[WhiteElo "2144"]
[BlackElo "2442"]
[PlyCount "77"]
[EventDate "2005.09.24"]
[EventType "swiss"]
[EventRounds "9"]
[EventCountry "IOM"]

1. e4 e6 2. d4 d5 3. Nc3 Bb4 4. e5 Ne7 5. a3 Bxc3+ 6. bxc3 c5 7. Qg4 O-O 8. Bd3
f5 9. exf6 Rxf6 10. Bg5 Rf7 11. Qh5 g6 12. Qd1 Nbc6 13. Nf3 c4 14. Be2 Qf8 15.
O-O h6 16. Bc1 Qg7 17. Qd2 g5 18. h4 g4 19. Nh2 h5 20. Qe1 Nf5 21. Bg5 Bd7 22.
g3 e5 23. f3 Nd6 24. fxg4 Rxf1+ 25. Bxf1 hxg4 26. Bg2 e4 27. Bf4 Nf7 28. Qd2
Ncd8 29. Rf1 Ne6 30. Rf2 Re8 31. Nf1 b5 32. Ne3 Nxf4 33. Rxf4 Be6 34. Bf1 Nh6
35. Qf2 a5 36. Rf6 Rf8 37. Rxf8+ Qxf8 38. Qxf8+ Kxf8 39. Be2 1/2-1/2

[Event "Monarch Assurance Isle of Man 14th"]
[Site "Port Erin IOM"]
[Date "2005.09.25"]
[Round "2.30"]
[White "Bennion, David A"]
[Black "Gupta, Abhijeet"]
[Result "0-1"]
[WhiteElo "2074"]
[BlackElo "2380"]
[PlyCount "68"]
[EventDate "2005.09.24"]
[EventType "swiss"]
[EventRounds "9"]
[EventCountry "IOM"]

1. e4 c5 2. Nf3 d6 3. d4 cxd4 4. Nxd4 Nf6 5. Nc3 Nc6 6. Bg5 e6 7. Qd2 a6 8.
O-O-O Bd7 9. Kb1 Be7 10. Be2 b5 11. Nxc6 Bxc6 12. Bf3 Qc7 13. Rhe1 Rd8 14. Bxf6
Bxf6 15. Nd5 Bxd5 16. exd5 e5 17. Re3 O-O 18. Rc3 Qe7 19. Rc6 e4 20. Re1 Qe5
21. c3 Bg5 22. Qd1 f5 23. Rxa6 Bf6 24. a3 Qxh2 25. Rh1 Qf4 26. Be2 Qxf2 27. Rf1
Qxg2 28. Rxf5 Be5 29. Rxf8+ Rxf8 30. Bxb5 e3 31. Qh5 g6 32. Qh6 e2 33. Bxe2
Qxe2 34. Ra7 Rf1+ 0-1

[Event "Monarch Assurance Isle of Man 14th"]
[Site "Port Erin IOM"]
[Date "2005.09.25"]
[Round "2.31"]
[White "Fox, Anthony"]
[Black "Erenburg, Sergey"]
[Result "0-1"]
[WhiteElo "2118"]
[BlackElo "2595"]
[PlyCount "88"]
[EventDate "2005.09.24"]
[EventType "swiss"]
[EventRounds "9"]
[EventCountry "IOM"]

1. e4 c6 2. d3 d5 3. Nd2 g6 4. g3 Bg7 5. Bg2 e5 6. Ngf3 Ne7 7. O-O O-O 8. b4 a5
9. bxa5 Qxa5 10. Bb2 d4 11. a4 c5 12. Nc4 Qc7 13. c3 Be6 14. Nfd2 dxc3 15. Bxc3
Rd8 16. Qc2 Nec6 17. f4 exf4 18. Bxg7 Kxg7 19. gxf4 Nd4 20. Qd1 Nbc6 21. f5
Bxc4 22. Nxc4 Ne5 23. Nxe5 Qxe5 24. Rb1 Ra7 25. Qd2 Rd6 26. a5 f6 27. fxg6 hxg6
28. Rf2 c4 29. Kh1 Nc6 30. Qe3 Rxd3 31. Qb6 Qxa5 32. Bf1 Qxb6 33. Rxb6 Rb3 34.
Rb2 Rxb6 35. Rxb6 c3 36. Bd3 Ra1+ 37. Kg2 c2 38. Rxb7+ Kh6 39. Bxc2 Ra2 40. Kg3
Rxc2 41. Rf7 Rc3+ 42. Kg2 Kg5 43. h4+ Kxh4 44. Rxf6 g5 0-1

[Event "Monarch Assurance Isle of Man 14th"]
[Site "Port Erin IOM"]
[Date "2005.09.25"]
[Round "2.32"]
[White "Cox, John"]
[Black "Ruston, Mark"]
[Result "1-0"]
[WhiteElo "2385"]
[BlackElo "2116"]
[PlyCount "53"]
[EventDate "2005.09.24"]
[EventType "swiss"]
[EventRounds "9"]
[EventCountry "IOM"]

1. d4 d5 2. c4 c6 3. Nf3 Nf6 4. Nc3 e6 5. Bg5 Nbd7 6. cxd5 exd5 7. e3 Qa5 8.
Nd2 Ne4 9. Ndxe4 dxe4 10. Bh4 Nb6 11. Qc2 Bf5 12. Be2 Nd5 13. O-O Nxc3 14. bxc3
Bd6 15. c4 O-O 16. c5 Bb8 17. Rab1 Qc7 18. Bg3 Qd7 19. Rb4 Bxg3 20. fxg3 Rfb8
21. Rfb1 Qe7 22. Ba6 Bc8 23. Bc4 Kh8 24. Qf2 f5 25. h4 Qc7 26. Qf4 Qxf4 27.
gxf4 1-0

[Event "Monarch Assurance Isle of Man 14th"]
[Site "Port Erin IOM"]
[Date "2005.09.25"]
[Round "2.34"]
[White "Peek, Marcel"]
[Black "Heyl, Thomas"]
[Result "1-0"]
[WhiteElo "2373"]
[BlackElo "2101"]
[PlyCount "157"]
[EventDate "2005.09.24"]
[EventType "swiss"]
[EventRounds "9"]
[EventCountry "IOM"]

1. d4 d5 2. c4 e6 3. Nf3 Nf6 4. Nc3 Bb4 5. cxd5 exd5 6. Qa4+ Nc6 7. Bg5 h6 8.
Bxf6 Qxf6 9. e3 O-O 10. Be2 Be6 11. O-O a6 12. Rfc1 Bd6 13. Qd1 Rfd8 14. Na4
Ne7 15. Nc5 Bc8 16. b4 c6 17. a4 Nf5 18. Rab1 Nh4 19. Nxh4 Qxh4 20. g3 Qf6 21.
b5 Bxc5 22. Rxc5 axb5 23. axb5 Ra2 24. Ra1 Rxa1 25. Qxa1 Bh3 26. f3 Qe7 27. Kf2
Re8 28. Qc3 Bd7 29. b6 Qe6 30. Ra5 Qh3 31. Kg1 Qf5 {(=)} 32. e4 Qf6 33. e5 Qg6
34. Ra1 h5 35. Kf2 Bf5 36. Ra7 Bc8 37. Bd3 Qe6 38. Kg1 Qh6 39. f4 h4 40. Bf1
Qg6 41. Qd3 Bf5 42. Qe3 Bc8 43. Bd3 Qh5 44. Qe2 Bg4 45. Qf2 Bc8 46. Ra1 Bf5 47.
Be2 Qg6 48. Ra7 Bc8 49. f5 Qg5 50. Bd3 Qc1+ 51. Kg2 Qc3 52. Bc2 h3+ 53. Kxh3
Qb2 54. Kg2 Qxb6 55. Ra8 Qb4 56. g4 c5 57. h3 Qxd4 58. Qxd4 cxd4 59. Ba4 Rf8
60. Kf3 g6 61. Kf4 gxf5 62. gxf5 d3 63. Bb5 d2 64. Ra1 Kh8 65. Rd1 Rd8 66. Rxd2
Kg7 67. h4 b6 68. Bd3 Bd7 69. Rg2+ Kh8 70. Ra2 Bc6 71. Ra7 Rd7 72. Ra6 f6 73.
Rxb6 fxe5+ 74. Kxe5 Bb7 75. f6 Kg8 76. h5 d4 77. Ke6 Rf7 78. Bc4 Kf8 79. h6 1-0

[Event "Monarch Assurance Isle of Man 14th"]
[Site "Port Erin IOM"]
[Date "2005.09.25"]
[Round "2.35"]
[White "Hutchinson, Norman A"]
[Black "Bosboom-Lanchava, T."]
[Result "0-1"]
[WhiteElo "2097"]
[BlackElo "2363"]
[PlyCount "60"]
[EventDate "2005.09.24"]
[EventType "swiss"]
[EventRounds "9"]
[EventCountry "IOM"]

1. e4 d6 2. d4 g6 3. Nc3 Bg7 4. f4 Nf6 5. Nf3 O-O 6. Bd3 Na6 7. O-O c5 8. d5
Bg4 9. h3 Bxf3 10. Rxf3 Nc7 11. g4 h6 12. Rg3 b5 13. Qf3 c4 14. Bf1 e6 15. g5
hxg5 16. Rxg5 Nh7 17. Rg2 exd5 18. exd5 Qf6 19. Kh1 Qf5 20. Ne4 Rad8 21. Rd2
Rfe8 22. Ng3 Qf6 23. Rd1 Qh4 24. a4 b4 25. Kh2 c3 26. b3 Nf6 27. a5 Ncxd5 28.
Bc4 Ne3 29. Bxe3 Rxe3 30. Qg2 Ng4+ 0-1

[Event "Monarch Assurance Isle of Man 14th"]
[Site "Port Erin IOM"]
[Date "2005.09.25"]
[Round "2.36"]
[White "Radovanovic, Jovica"]
[Black "Henrichsen, Jens"]
[Result "1-0"]
[WhiteElo "2357"]
[BlackElo "2075"]
[PlyCount "68"]
[EventDate "2005.09.24"]
[EventType "swiss"]
[EventRounds "9"]
[EventCountry "IOM"]

1. d4 Nf6 2. c4 e6 3. Nc3 Bb4 4. e3 c5 5. Nge2 cxd4 6. exd4 O-O 7. a3 Be7 8. d5
exd5 9. cxd5 Re8 10. d6 Bf8 11. g3 b6 12. Bg2 Nc6 13. O-O Rb8 14. Nb5 Ba6 15.
Nec3 Re5 16. Qa4 Bxb5 17. Nxb5 a6 18. Nc3 Bxd6 19. Qxa6 b5 20. Bxc6 Rb6 21. Qa7
dxc6 22. Rd1 Nd5 23. Nxd5 Rxd5 24. Be3 Rb8 25. Rxd5 cxd5 26. Qd4 Be7 27. Rd1
Bf6 28. Qb4 Be7 29. Qb3 Qa5 30. Rxd5 Qe1+ 31. Kg2 Qb1 32. Rxb5 Qe4+ 33. f3 Rxb5
34. Qxb5 Qxe3 1-0